000 00493nam a2200205Ia 4500
003 OSt
005 20241004155837.0
008 240126s9999 xx 000 0 und d
020 _a9780198077053
040 _c0
041 _aEnglish
082 _a651.4 MEE;1 R
100 _aMeenakshi, Raman. Singh, Prakash.
245 0 _aBusiness communication
250 _a2nd ed.
260 _bOxford University Press
_aNew Delhi
300 _axvi, 650
440 _aNULL
942 _cLL
_2ddc
999 _c288513
_d288513